Business cycles history, theory and investment reality

Enregistré dans:
Détails bibliographiques
Auteur principal: Tvede, Lars
Format: Livre
Langue:anglais
Publié: Chichester John Wiley & Sons 2006
Édition:3. ed.
Sujets:
Tags: Ajouter un tag
Pas de tags, Soyez le premier à ajouter un tag!

MARC

LEADER 00000nam$a2200000$$$4500
001 0067513
005 20240312115447.2
020 |a 0-470-01806-2 
020 |a 978-0-470-01806-4 
041 0 |a eng 
044 |a GB 
245 1 0 |a Business cycles  |b history, theory and investment reality  |c Lars Tvede 
250 |a 3. ed. 
264 1 |a Chichester  |b John Wiley & Sons  |c 2006 
300 |a 484 s. 
610 2 0 |a cykly podnikateľské 
610 2 0 |a teórie ekonomické 
610 2 0 |a vývoj 
610 2 0 |a investície 
610 2 0 |a podnikanie 
610 2 0 |a obchod 
610 2 0 |a veda ekonomická 
610 2 0 |a hry hazardné 
610 2 0 |a peniaze 
610 2 0 |a akcie 
610 2 0 |a burzy 
610 2 0 |a keynesizmus 
610 2 0 |a bankovníctvo 
610 2 0 |a kurz výmenný 
610 2 0 |a trh peňažný medzinárodný 
610 2 0 |a osobnosť 
100 1 |a Tvede, Lars